Sports Quiz

Random Sports or Football Quiz
Score 0/21 Timer 05:00
0 Plays Today
Year Player % Correct
2008Cristiano Ronaldo
99.1%
2013Cristiano Ronaldo
99.1%
2009Lionel Messi
98.9%
2010Lionel Messi
98.9%
2011Lionel Messi
98.9%
2012Lionel Messi
98.9%
2000Mario Jardel, Rivaldo & Raul
93.9%
1999Andriy Shevchenko & Dwight Yorke
93.1%
2001Raul
92.7%
2002Ruud van Nistelrooy
92.2%
2003Ruud van Nistelrooy
92.2%
Year Player % Correct
2005Ruud van Nistelrooy
92.2%
2006Andriy Shevchenko
88.3%
2007Kaka
85.9%
1998Alessandro Del Piero
81.5%
2004Fernando Morientes
63.6%
1993Romario
50.4%
1996Jari Litmanen
43.3%
1995George Weah
30.8%
1994Ronald Koeman & Wynton Rufer
23%
1997Milinko Pantic
5.5%
Remove Ads.
Support Sporcle.
Get the best of Sporcle when you Go Orange. This ad-free experience offers more features, more stats, and more fun while also helping to support Sporcle. Thank you for becoming a member.

You're not logged in!

Compare scores with friends on all Sporcle quizzes.
OR
Log In

Show Comments

Extras

Top Quizzes Today


Score Distribution

Your Account Isn't Verified!

In order to create a playlist on Sporcle, you need to verify the email address you used during registration. Go to your Sporcle Settings to finish the process.

Report this User

Report this user for behavior that violates our Community Guidelines.

Details: